| 000 | 00904nam a22003017a 4500 | ||
|---|---|---|---|
| 001 | 200460019 | ||
| 003 | TR-AnTOB | ||
| 005 | 20250812133105.0 | ||
| 008 | 240509b tu ||||| |||| 00| 0 tur d | ||
| 020 | _a9754052972 | ||
| 040 |
_aTR-AnTOB _beng _cTR-AnTOB _erda |
||
| 041 | _atur | ||
| 092 |
_a372.494335 _bDAY 2020 |
||
| 100 | 1 | 0 |
_aDayıoğlu, Gülten, _d1935- _942399 |
| 245 | 1 | 0 |
_aYurdumu özledim / _cGülten Dayıoğlu. |
| 250 | _a42. bsk. | ||
| 260 |
_aİstanbul : _bAltın kitaplar Yayınevi, _c2000. |
||
| 300 |
_a[171] Pages. ; _cill., _b20 cm |
||
| 336 |
_2rdacontent _atext _btxt |
||
| 337 |
_2rdamedia _aunmediated _bn |
||
| 338 |
_2rdacarrier _avolume _bnc |
||
| 440 |
_aAltın kitaplar Yayınevi. _pAltın çocuk kitapları. |
||
| 650 | _aTürkçe okuma kitabı | ||
| 653 | _aOkuma Kitabı | ||
| 942 |
_2ddc _cBK |
||
| 999 |
_c200460019 _d78231 |
||